| 000 | 00876nam a2200217Ii 4500 | ||
|---|---|---|---|
| 003 | JO-AjNU | ||
| 008 | 230605s9999||||xx |||||||||||||| ||und|| | ||
| 017 | _a2008/10780 | ||
| 020 | _a977-422-103-6 | ||
| 040 |
_aJO-AjNU _bara _erda _cJO-AjNU |
||
| 041 | _aara | ||
| 050 | 1 | 4 | _aJF112.C3.I27.2010 |
| 100 | 3 |
_aابراهيم ، محمد محمد , _eauthor _932689 |
|
| 245 | 0 | 0 | _aالتسويق السياسي : الطريق للتفوق فى التمثيل السياسي دراسة واقعية من المنظور التسويقي م تغيير صورة الماضي وبناء الرؤية المستقبلية للتمثيل السياسي |
| 250 | _aط1 | ||
| 264 | 3 | 1 | _aالاسكندرية : الدار الجامعية ، 2010 |
| 300 | _a457ص | ||
| 336 |
_atext _btxt _2rdacontent |
||
| 337 |
_aunmediated _bn _2rdamedia |
||
| 338 |
_avolume _bnc _2rdacarrier |
||
| 999 |
_aA13226 _c16794 _d16794 |
||